• 首页
  • 本馆介绍
  • 公告通知
  • 最新文献
  • 馆藏检索
  • 电子资源
  • 读者导购
  • 参考咨询
  • 我的图书馆
  • 登录
  • 详细信息显示
  • 放入我的书架
  • 预约/预借图书
  • 作者相关作品
  • 分类相关作品
  • 丛书相关作品
  • 出版社相关作品

书目信息

  • 表格格式
  • 工作单格式
  • 卡片格式
题名:
工程项目管理
    
 
作者: 梁世连 主编
分册:  
出版信息: 北京   清华大学出版社  2007
页数: 278页
开本: 23cm
丛书名: 21世纪高职高专规划教材
单 册:
中图分类: F284
科图分类:
主题词: 基本建设--高等学校--教材--基本建设 , 基本建设经济 , 基本建设经济学 , 基本建设优化学
电子资源:
ISBN: 978-7-81082-701-0
000 01014oam2 2200301 450
001 012015000414
005 20150923161137.40
010    @a978-7-81082-701-0@dCNY28.00
100    @a20061012d2007 em y0chiy0110 ea
101 0  @achi
102    @aCN@b110000
105    @aa z 000yy
106    @ar
200 1  @a工程项目管理@AGong Cheng Xiang Mu Guan Li@f梁世连主编
210    @a北京@c清华大学出版社@c北京交通大学出版社@d2007
215    @a278页@c彩图@d23cm
225 2  @a21世纪高职高专规划教材@i艺术设计系列
330    @a本书主要由美学、乐理知识、中外音乐与欣赏、舞蹈欣赏、美术欣赏等5部分组成,较为系统地阐述了艺术领域中美的法则、特点及相关的经典作品欣赏。
461  0 @12001 @a21世纪高职高专规划教材
462  0 @12001 @a艺术设计系列
606 0  @a基本建设@x高等学校@j教材@a基本建设
606 0  @a基本建设经济
606 0  @a基本建设经济学
606 0  @a基本建设优化学
690    @aF284@v4
701  0 @a梁世连@ALiang Shi Lian@4主编
801  0 @aCN@b碧洲教育@c20150716
905    @a10447@f4@dF284@e1248
    
    工程项目管理/梁世连主编.-北京:清华大学出版社:北京交通大学出版社,2007
    278页:彩图;23cm.-(21世纪高职高专规划教材.艺术设计系列)
    
    
    ISBN 978-7-81082-701-0:CNY28.00
    本书主要由美学、乐理知识、中外音乐与欣赏、舞蹈欣赏、美术欣赏等5部分组成,较为系统地阐述了艺术领域中美的法则、特点及相关的经典作品欣赏。
●
相关链接 在E读中查询图书 在五车中查询图书 在当当中查询图书 在豆瓣中查询图书


正题名:工程项目管理     索取号:F284/1248         预约/预借

序号 登录号 条形码 馆藏地/架位号 状态 备注
1 0849393   208493931   第一样本阅览室/ [索取号:F284/1248] 在馆    
2 0849394   208493940   第一借阅区/ [索取号:F284/1248] 在馆    
3 0849395   208493959   第一借阅区/ [索取号:F284/1248] 在馆    
4 0849396   208493968   第一借阅区/ [索取号:F284/1248] 在馆    
唐山师范学院图书馆 欢迎您!
大连网信软件有限公司© 版权所有